Регионална библиотека "Любен Каравелов" - Русе

Светът и всичко в него (Запис номер 155220)

MARC детайли
000 -Лидер
Контролно поле с фиксирана дължина 02074nam a2200505 c 4500
003 - Код на организацията, давaща контролен номер
Контролно поле BLK
005 - Дата и час на последна редакция
Контролно поле 20230321115217.0
008 - Елементи от данни с фиксирана дължина
fixed length control field 180410b bul|||||r ||||||| ||bul||
010 ## - Наследен системен номер
LC control number KNG00161894000
020 ## - Международен стандартен номер на книга ISBN
Международен стандартен номер на книга ISBN 978-954-579-954-9
-- издат.: Славена
040 ## - Източник на каталожния запис
Идентификатор на билиотеката - собственик на записа BLK
041 ## - Код за език
Код за езика на текст/звукозапис или на отделно заглавие Български
Код за езика КДБФ Български
072 #7 - Код за тематичната категория
Код организация bullib
Код за тематична категория Н84
Текст Българска художествена литература Н
080 ## - УДК
Текстов определител УДК Социография. Социално положение. Условия на политическия и социалния живот. Социално и социално-икономическо положение на отделните страни, народи, раси. Социална география. (Общи въпроси)
УДК код - определител по УДК 308
УДК определител (5)(0:82-992)
УДК - код + определител 308(5)(0:82-992)
080 ## - УДК
Текстов определител УДК География на Азия
УДК код - определител по УДК 913(5)
УДК определител (0:82-992)
УДК - код + определител 913(5)(0:82-992)
080 ## - УДК
Текстов определител УДК Българска литература
УДК код - определител по УДК 821.163.2
УДК определител -992
УДК - код + определител 821.163.2-992
100 1# - Редна дума - Автор
Автор Идакиев, Симеон Кирилов
Авторска отговорност първи автор
R(LIN) 72071
139 ## - Редно поле
Редна дума Идакиев, Симеон Кирилов
Авторски знак Ид - И 31
245 10 - Сведения за заглавието
Заглавие Светът и всичко в него
Подзаглавни данни Азия
Редно поле (дума) Симеон Кирилов Идакиев.
257 ## - Страна на издаване
Страна на създаване/издаване България
260 ## - Област на издателските данни
-- Варна
Име на издателя, разпространителя и проч. Славена
Година на издаване 2012
300 ## - Физическа характеристика
Страници 192 с.
Илюстрации и др. с цв. ил.
Размери/Мащаб 24 см
380 ## - Жанр
Жанр Худож. лит.
500 ## - Общи забележки
Забележка Съдържа и за авт.
650 #4 - Допълнително описание по предмет – тема
Основно описание – тема или топоним Азия - пътеписи, очерци, впечатления
9 (RLIN) 332745
651 #4 - Допълнително описание по предмет - топоним
Географско понятие Азия
9 (RLIN) 253598
651 #4 - Допълнително описание по предмет - топоним
Географско понятие Турция
9 (RLIN) 179691
651 #4 - Допълнително описание по предмет - топоним
Географско понятие Йордания
9 (RLIN) 178972
651 #4 - Допълнително описание по предмет - топоним
Географско понятие Сирия
9 (RLIN) 179545
651 #4 - Допълнително описание по предмет - топоним
Географско понятие Израел
9 (RLIN) 178932
651 #4 - Допълнително описание по предмет - топоним
Географско понятие Индия
9 (RLIN) 178950
651 #4 - Допълнително описание по предмет - топоним
Географско понятие Непал
9 (RLIN) 164164
651 #4 - Допълнително описание по предмет - топоним
Географско понятие Китай
9 (RLIN) 242505
651 #4 - Допълнително описание по предмет - топоним
Географско понятие Тайланд
9 (RLIN) 179638
651 #4 - Допълнително описание по предмет - топоним
Географско понятие Лаос
9 (RLIN) 179124
651 #4 - Допълнително описание по предмет - топоним
Географско понятие Мианмар
9 (RLIN) 179216
651 #4 - Допълнително описание по предмет - топоним
Географско понятие Камбоджа
9 (RLIN) 178990
653 ## - Ключова дума – ненормативна
Ключова дума пътеписи
659 ## - Тематичен бюлетин
Тематичен бюлетин Н
852 ## - Местоположение
Форматна сигнатура Цб 254101
856 4# - Електронен адрес и достъп
Електронен формат pdf - файл
Път до файла /url/
856 4# - Електронен адрес и достъп
Електронен формат pdf - файл
Път до файла /url/
942 ## - АРТИКУЛИ
Вид на библиотечния материал Книги
Скрит в OPAC Не
Koha issues (borrowed), all copies 12
944 ## - СЪЗДАВАНЕ И РЕДАКЦИЯ на ЗАПИСА
Създаване/Редакция Създаване
Дата на регистрацията/редакция 11.06.2014
Статус, дата на статуса ф /
Служител, извършил регистрацията/редакцията Людмила_Стоянова
944 ## - СЪЗДАВАНЕ И РЕДАКЦИЯ на ЗАПИСА
Създаване/Редакция Редакция
Дата на регистрацията/редакция 22.08.2014
Статус, дата на статуса ф /
Служител, извършил регистрацията/редакцията
999 ## - СИСТЕМНИ КОНТРОЛНИ НОМЕРА
Koha biblionumber 155220
Koha biblioitemnumber 155220
Наличности
Код за отписване Код за изгубен артикул Код за повреда Коз за рестрикции Код за отдаване Артикулен № Име на библиотеката - собственик Име на библиотеката, в която се намира в момента Статус (Текущо местоположение) Дата на вписване в системата Местоположение - отдел Цена в лева Инвентарен номер Систематично азбучна сигнатура Баркод Номер на екземпляра Цена в евро Служебна бележка Служебен тип на артикула Източник на класификационната схема
Изтеглен Не е изгубен Не е повреден без рестрикции заемане за дома 260268 Регионална библиотека "Любен Каравелов" Русе Регионална библиотека "Любен Каравелов" Русе Заемна - подръчен фонд 2014-06-12 Заемна - подръчен фонд 12.00 120000778220 П 308(5)/И 31 120000778220 1 6.14 Дост: Pk Вид: Ф N: 400 Дата: 09.06.2014 Дата инв: 02.02.2018 Бележки инв: П2018 Книги  
  Не е изгубен Не е повреден без рестрикции заемане за дома 260269 Регионална библиотека "Любен Каравелов" Русе Регионална библиотека "Любен Каравелов" Русе Заемна - подръчен фонд 2014-06-12 Заемна - подръчен фонд 12.00 120000778221 П 308(5)/И 31 120000778221 2 6.14 Дост: Pk Вид: Ф N: 400 Дата: 09.06.2014 Дата инв: 02.02.2018 Бележки инв: П2018 Книги  
  Не е изгубен Не е повреден без рестрикции ползва се в читалня 260270 Регионална библиотека "Любен Каравелов" Русе Регионална библиотека "Любен Каравелов" Русе Читалня 2014-06-12 Читалня 12.00 120000778222 Ч 308(5)/И 31 120000778222 3 6.14 Дост: Pk Вид: Ф N: 400 Дата: 09.06.2014 Дата инв: 22.03.2017 Бележки инв: Ч2017 Книги  
  Не е изгубен Не е повреден без рестрикции ползва се в читалня 260271 Регионална библиотека "Любен Каравелов" Русе Регионална библиотека "Любен Каравелов" Русе Хранилище 2014-07-22 Хранилище 12.00 120000779412 Цб 254101 120000779412 4 6.14 Дост: Dp Вид: Д N: 42 Дата: 07.10.2013 Книги  
  Не е изгубен Не е повреден без рестрикции заемане за дома 686662 Регионална библиотека "Любен Каравелов" Русе Регионална библиотека "Любен Каравелов" Русе Заемна - подръчен фонд 2018-12-13 Заемна - подръчен фонд 12.00 120000828496 П 308(5)/И 31 120000828496   6.14   Книги Universal Decimal Classification
Vip Innovations Ltd, Rousse, Bulgaria 2025